000 00888nam a2200229Ii 4500
003 JO-AjNU
008 230605s9999||||xx |||||||||||||| ||und||
017 _a2005/3/578
020 _a978-9957-22-124-9
040 _aJO-AjNU
_bara
_erda
_cJO-AjNU
041 _aara
050 1 4 _aK1271.N36 2022
100 3 _aالنعيمات، موسى جميل,
_eauthor
_962815
245 0 0 _aالنظرية العامة للتأمين من المسؤولية المدنية: دراسة مقارنة
250 _aط2
264 3 1 _aعمان: دار الثقافة للنشر والتوزيع، 2022
300 _a432ص
_bالكتاب في الاصل رسالة دكتوراه
336 _atext
_btxt
_2rdacontent
337 _aunmediated
_bn
_2rdamedia
338 _avolume
_bnc
_2rdacarrier
650 4 _aالقانون المدني-التأمين-التعويض-شركات التأمين
_962816
999 _aA28462
_c32030
_d32030